| 000 | 00554 a2200169 4500 | ||
|---|---|---|---|
| 999 |
_c9468 _d9468 |
||
| 020 | _a0702163619 | ||
| 050 | 0 | 0 | _aKTL449.3 BEN 2004 |
| 100 | 1 |
_aBennett, T. W. _eauthor |
|
| 245 | 1 | 0 |
_aCustomary law in South Africa / _cT.W. Bennett. |
| 264 |
_aClaremont : _bJuta & Company, _c2004. |
||
| 300 | _alv, 462 p. ; | ||
| 500 | _aIncludes index | ||
| 504 | _aIncludes bibliographical references (p. xvii-xxxii) | ||
| 650 | 0 | _aCustomary law | |
| 942 |
_2lcc _cBK _h449.3 _iBEN _kKTL |
||